000 00843cam a22002777a 4500
003 CHAP
005 20220329134553.0
008 971013s1983 r 00010 d
010 _a22359
011 _a23331
035 _a27427
040 _cCHAP
082 _a631.096
_bC6
100 0 0 _aCollinson, Michael.
_925294
245 0 _aFarm management in peasant agriculture
260 _aBoulder, Colo. :
_bWestview,
_c1983
300 _a454 p.
590 _aBATCH-UPD
_b10
_c20130110
_lUCH01
_h2036
590 _aCONVERSION
_b10
_c20130109
_lUCH01
_h1313
650 1 4 _aAgricultura
_xTrabajadores
_xAfrica.
_91841
650 1 4 _aCampesinado
_xAfrica.
_917994
650 1 4 _aEmpresas agropecuarias.
_936649
901 _aBK
942 _cLIBRO
949 _a631.096 C6
_bBC
_cLIBRO
_d33724000054664
_eLIBRO
_gI.135646
_h70755
_i27427
_mDirecto
_si
_t41050.00
999 _c22359
_d22359